00465 a2200169 450000100060000002000060000604000370001210000230004924000280007224500230010030000070012336200090013065000310013994200070017095201010017799900170027871928 a  cAnchieta - Colégio São Paulo aMachado, Ana Maria10aBem do seu tamanholpor10aBem do seu tamanho a540 a1986 4aLiteratura infanto-juvenil cBK 00104070a88.1b88.1d2023-11-22l0o028.5 M149p1231/CSPr2023-11-22 14:28:13w2023-11-22yBK c71928d71928